000 00812nam a22002777a 4500
001 0015572
003 KOHA_MİRAKIL
005 20260207002034.0
007 ta
008 100324b1970 us |||gr||||#||||0|eng |
040 _aTR-BiSEU
_btur
_cTR-BiSEU
_erda
041 0 _aeng
044 _cus
050 _aQL757
_b.R43 1970
100 1 _aRead, Clark P..
245 1 _aParasitism and symbiology :
_ban introductory text/
_cClark P. Read ; Clark P. Read.
264 1 _aNew York :
_bRonald Press Company
_c1970
300 _aVII, 316 pages: illustretions; 26 cm.
336 _ametin
_btxt
_2rdacontent
337 _aaracısız
_bn
_2rdamedia
338 _acilt
_bnc
_2rdacarrier
500 _aKaynakça ve dizin var.
650 0 _aParasitism.
_936136
650 0 _aSymbiosis.
_932313
942 _2lcc
_cBK
999 _c15535
_d15535